000
00476nam a2200145Ia 4500
008
100122s9999 xx 000 0 und d
082
_b
12808
_a
823
100
_a
हसमनीस द का
245
_a
शेतकऱ्याचा मुलगा
260
_b
कल्पना प्रकाशन
_c
1960
300
_a
246
630
_a
शेतकऱ्याचा मुलगा
730
_a
शेतकऱ्याचा मुलगा
942
_c
BOOK
999
_c
403819
_d
403816